000 00564nam a2200217Ia 4500
003 OSt
005 20220923230733.0
006 a|||||r|||| 00| 0
007 ta
008 Pun
024 _a305,174
037 _cTextual
040 _aARTS
_cARTS
_bPun
041 _2Pun
_aPun
082 _aQ8441:2I69w, 153K9
100 _aਬਲੀ; ਕੋਹਲੀ
245 0 _aਜਿਉ੍ਵ ਕਰ ਸੂਰਜ ਨਿਕਲਿਆ
260 _c1969
942 _hQ8441:2I69w, 153K9
_cTEXL
_2CC
999 _c386977
_d386977